Fußball - Der treueste Spieler jedes Erst- und Zweitligisten - Statistiken

Allgemein
  • Dieses Quiz wurde 72 mal gespielt
  • Das Durchschnittsergebnis liegt bei 9 aus 40
Antwortstatistiken
Verein im Verein seit Spieler % Korrekt
FC Bayern München 01.07.2009 Thomas Müller
90%
1. FC Heidenheim 01.07.2015 Kevin Müller
89%
Borussia Dortmund 01.07.2019 Julian Brandt
59%
RB Leipzig 04.07.2013 Yussuf Poulsen
54%
VfL Wolfsburg 01.01.2012 Maximilian Arnold
48%
Eintracht Frankfurt 01.07.2014 Timothy Chandler
44%
1. FC Union Berlin 01.07.2014 Christopher Trimmel
36%
1. FSV Mainz 05 01.07.2010 Stefan Bell
36%
VfB Stuttgart 01.07.2019 Atakan Karazor
34%
Bayer 04 Leverkusen 01.07.2012 Niklas Lomb
30%
VfL Bochum 01.07.2014 Anthony Losilla
28%
SC Freiburg 01.07.2010 Nicolas Höfler
28%
FC Schalke 04 01.07.2011 Ralf Fährmann
26%
SV Werder Bremen 27.01.2015 Michael Zetterer
25%
01.07.2015 Nico Elvedi
25%
01.07.2016 Bakery Jatta
23%
Hertha BSC 01.07.2020 Marton Dardai
23%
FC Augsburg 09.01.2016 Jeffrey Gouweleeuw
20%
SV Darmstadt 98 05.07.2015 Fabian Holland
18%
01.07.2015 Norman Theuerkauf
18%
1. FC Magdeburg 05.01.2021 Baris Atik
16%
Karlsruher SC 01.07.2017 Marvin Wanitzek
16%
1. FC Nürnberg 01.07.2017 Enrico Valentini
13%
1. FC Köln 18.01.2019 Florian Kainz
13%
Borussia Mönchengladbach 01.07.2015 Tobias Sippel
13%
01.07.2019 Fabian Bredlow
11%
SpVgg Greuther Fürth 01.07.2018 Julian Green
11%
TSG 1899 Hoffenheim 01.07.2013 Kevin Akpoguma
11%
Hamburger SV 01.07.2016 Tom Mickel
10%
SC Paderborn 07 01.07.2021 Felix Platte
8%
Eintracht Braunschweig 15.07.2020 Jannis Nikolaou
8%
Fortuna Düsseldorf 16.07.2015 Marcel Sobottka
8%
SSV Jahn Regensburg 10.08.2016 Benedikt Saller
7%
1. FC Kaiserslautern 01.07.2018 Hendrick Zuck
7%
Holstein Kiel 01.07.2018 Timon Weiner
7%
SSV Ulm 1846 01.07.2016 Johannes Reichert
5%
SV Elversberg 01.07.2017 Frank Lehmann
3%
Hannover 96 01.07.2018 Leo Weinkauf
3%
Preußen Münster 01.07.2012 Simon Scherder
3%
FC St. Pauli 17.12.2020 Adam Dzwigala
2%
Keine übereinstimmenden Quizze gefunden
Verteilung der Resultate
Anzahl Personen mit jedem Resultat
Perzentil nach korrekt beantworteten Fragen
Ihre Resultats-Entwicklung
Sie haben dieses Quiz noch nicht gespielt